[Event "Catalunya-chT Honor"]
[Site "Catalunya"]
[Date "2009.02.01"]
[Round "1"]
[White "Alonso Seisdedos, Cayetano"]
[Black "Aranda Flores, Jordi"]
[Result "1/2-1/2"]
[WhiteElo "2309"]
[BlackElo "2144"]
[PlyCount "78"]
[EventDate "2009.02.01"]
[EventType "team-tourn"]
[EventRounds "9"]
[EventCountry "ESP"]
[SourceTitle "EXT 2019"]
[Source "ChessBase"]
[SourceDate "2018.10.10"]
[SourceVersion "1"]
[SourceVersionDate "2018.10.10"]
[SourceQuality "1"]
[WhiteTeam "Colon Sabadell"]
[BlackTeam "Barbera"]
[WhiteTeamCountry "ESP"]
[BlackTeamCountry "ESP"]

1. e4 c5 2. Nf3 d6 3. d4 cxd4 4. Nxd4 Nf6 5. Nc3 a6 6. Bg5 e6 7. f4 Nbd7 8. Qf3 Qc7 9. 0-0-0 b5 10. Bd3 Bb7 11. Rhe1 Qb6 12. Nd5 exd5 13. exd5+ Kd8 14. Bf5 Kc7 15. Nb3 Rd8 16. Bh4 Kb8 17. g4 h6 18. Bxd7 Rxd7 19. Bf2 Qd8 20. h4 Re7 21. Rxe7 Bxe7 22. g5 Nd7 23. Nd4 Qc7 24. Re1 Nb6 25. Nc6+ Bxc6 26. dxc6 Nc8 27. a4 b4 28. Qd5 hxg5 29. fxg5 Bd8 30. Re4 a5 31. Rf4 f6 32. Rf5 Na7 33. Bg3 Qxc6 34. Bxd6+ Kb7 35. Qf7+ Bc7 36. Qxg7 Rxh4 37. Qxc7+ Qxc7 38. Bxc7 Kxc7 39. gxf6 Rh8 1/2-1/2

[Event "ESP-chT1a Norte"]
[Site "Barcelona"]
[Date "2006.08.19"]
[Round "5.5"]
[White "Alonso Seisdedos, Cayetano"]
[Black "Vidarte Morales, Arturo"]
[Result "1/2-1/2"]
[WhiteElo "2284"]
[BlackElo "2403"]
[PlyCount "29"]
[EventDate "2006.08.16"]
[EventType "team"]
[EventRounds "6"]
[EventCountry "ESP"]
[SourceTitle "EXT 2007"]
[Source "ChessBase"]
[SourceDate "2006.11.23"]
[SourceVersion "1"]
[SourceVersionDate "2006.11.23"]
[SourceQuality "1"]

1. e4 c5 2. Nf3 d6 3. d4 cxd4 4. Nxd4 Nf6 5. Nc3 Nc6 6. Bg5 e6 7. Qd2 a6 8. 0-0-0 Bd7 9. f4 h6 10. Bh4 g5 11. fxg5 Ng4 12. Nxc6 Bxc6 13. Be2 Ne5 14. g3 Ng6 15. Kb1 1/2-1/2

[Event "Catalunya-chT"]
[Site "Spain"]
[Date "2004.??.??"]
[Round "?"]
[White "Munoz Pantoja, Miguel Angel"]
[Black "Alonso Seisdedos, Cayetano"]
[Result "1-0"]
[WhiteElo "2406"]
[BlackElo "2321"]
[PlyCount "69"]
[EventDate "2004.??.??"]
[EventType "team"]
[EventRounds "9"]
[EventCountry "ESP"]
[SourceTitle "EXT 2007"]
[Source "ChessBase"]
[SourceDate "2006.11.23"]
[SourceVersion "1"]
[SourceVersionDate "2006.11.23"]
[SourceQuality "1"]

1. e4 e5 2. d4 exd4 3. Qxd4 Nc6 4. Qe3 Nf6 5. Bd2 Bb4 6. Nc3 0-0 7. 0-0-0 Re8 8. Qg3 d6 9. f3 Be6 10. Nge2 Ne5 11. h4 Nh5 12. Qg5 g6 13. Nf4 Qxg5 14. hxg5 Nxf4 15. Bxf4 Bxc3 16. bxc3 Bxa2 17. Rh2 Be6 18. Bb5 Red8 19. Rdh1 Kf8 20. Rxh7 a5 21. Be3 c5 22. f4 Nd7 23. Rf1 Kg8 24. Rfh1 Kf8 25. Rf1 Bg4 26. f5 gxf5 27. Bf4 Ne5 28. Bxe5 dxe5 29. Bc4 Rd7 30. exf5 Rad8 31. f6 Rd1+ 32. Rxd1 Rxd1+ 33. Kb2 Ke8 34. g6 Be6 35. Bxe6 1-0

[Event "ESP-chT1"]
[Site "Mondariz"]
[Date "2002.09.11"]
[Round "3"]
[White "Alonso Seisdedos, Cayetano"]
[Black "Alcazar Jimenez, Victor Manuel"]
[Result "1-0"]
[WhiteElo "2335"]
[BlackElo "2326"]
[PlyCount "133"]
[EventDate "2002.09.04"]
[EventType "team"]
[EventRounds "6"]
[EventCountry "ESP"]
[SourceTitle "CBM 090 Extra"]
[Source "ChessBase"]
[SourceDate "2002.11.07"]
[SourceVersion "1"]
[SourceVersionDate "2002.11.07"]
[SourceQuality "1"]

1. e4 c5 2. Nf3 e6 3. d4 cxd4 4. Nxd4 a6 5. Nc3 Qc7 6. Be2 Nf6 7. 0-0 Nc6 8. Kh1 Bb4 9. Nxc6 bxc6 10. f4 d5 11. e5 Nd7 12. Na4 0-0 13. Bd3 Be7 14. b3 g6 15. c4 f6 16. Qg4 f5 17. Qg3 Nb6 18. Nxb6 Qxb6 19. Be3 d4 20. Bd2 a5 21. Be2 Ba6 22. h4 Rf7 23. Qh3 c5 24. g4 Bb7+ 25. Kh2 Be4 26. Rg1 a4 27. Rg3 Qd8 28. h5 d3 29. Bf3 axb3 30. a4 b2 31. Rag1 Rb8 32. hxg6 Rg7 33. gxf5 Bxf5 34. gxh7+ Kh8 35. Rxg7 Bxh3 36. Rg8+ Qxg8 37. hxg8Q+ Rxg8 38. Rb1 Bg4 39. Bxg4 Rxg4 40. Rxb2 Kg7 41. Rb7 Kf7 42. Rd7 Rg8 43. Rxd3 Rb8 44. Kg3 Rb2 45. a5 Rc2 46. Kf3 Rxc4 47. Ra3 Rd4 48. a6 Rd8 49. a7 Ra8 50. Be3 Ke8 51. Ke4 Kd7 52. Ra6 Bf8 53. Kd3 Kc7 54. Kc4 Kb7 55. Rxe6 Rxa7 56. Rf6 Be7 57. Bxc5 Ra4+ 58. Kb5 Bxf6 59. Kxa4 Bh4 60. Kb5 Kc7 61. f5 Kd7 62. Kc4 Ke8 63. Kd5 Kf7 64. Bd4 Be7 65. e6+ Ke8 66. f6 Bb4 67. f7+ 1-0

[Event "ESP-chT1"]
[Site "Mondariz"]
[Date "2002.09.09"]
[Round "1"]
[White "Rodriguez Cespedes, Amador"]
[Black "Alonso Seisdedos, Cayetano"]
[Result "1-0"]
[WhiteElo "2484"]
[BlackElo "2335"]
[PlyCount "117"]
[EventDate "2002.09.04"]
[EventType "team"]
[EventRounds "6"]
[EventCountry "ESP"]
[SourceTitle "CBM 090 Extra"]
[Source "ChessBase"]
[SourceDate "2002.11.07"]
[SourceVersion "1"]
[SourceVersionDate "2002.11.07"]
[SourceQuality "1"]

1. e4 e5 2. Nf3 Nc6 3. Bb5 Bc5 4. c3 f5 5. d4 fxe4 6. Bxc6 dxc6 7. Nxe5 Qd5 8. Qh5+ g6 9. Qe2 Bd6 10. 0-0 Nf6 11. Nc4 0-0 12. Nxd6 cxd6 13. Bh6 Bg4 14. Qe3 Rf7 15. Nd2 Bd7 16. h3 Qh5 17. c4 d5 18. c5 Re8 19. Bg5 h6 20. Bxh6 Rh7 21. Bf4 g5 22. Qg3 g4 23. h4 Kf7 24. Bg5 Qg6 25. Qf4 Qf5 26. Qxf5 Bxf5 27. Rfe1 Nh5 28. g3 Kg6 29. b4 Ng7 30. Bf4 Bd7 31. Nb1 Nf5 32. Be3 Rf7 33. Nc3 Ref8 34. Nd1 Ra8 35. Nc3 Raf8 36. Re2 b6 37. cxb6 axb6 38. a4 Nd6 39. Bf4 Nc4 40. Rea2 Ra8 41. Nd1 Be8 42. Ne3 Nxe3 43. fxe3 Rfa7 44. a5 b5 45. Bd6 Rf7 46. a6 Bd7 47. a7 Bc8 48. Bf4 Bb7 49. Kg2 Bc8 50. Bb8 Rf6 51. Rc2 Bb7 52. Rf2 Rf3 53. Rxf3 exf3+ 54. Kf2 Bc8 55. Rc1 Bd7 56. e4 dxe4 57. Ke3 Kf7 58. Rc5 Ke7 59. d5 1-0

[Event "ESP-chT"]
[Site "Spain"]
[Date "1998.??.??"]
[Round "?"]
[White "Rivera Kuzawka, Daniel"]
[Black "Alonso Seisdedos, Cayetano"]
[Result "1-0"]
[WhiteElo "2365"]
[BlackElo "2355"]
[PlyCount "79"]
[EventDate "1998.??.??"]
[EventType "team"]
[EventRounds "9"]
[EventCountry "ESP"]
[SourceTitle "EXT 2004"]
[Source "ChessBase"]
[SourceDate "2003.11.25"]
[SourceVersion "1"]
[SourceVersionDate "2003.11.25"]
[SourceQuality "1"]

1. e4 e5 2. Nf3 Nc6 3. Bb5 Bc5 4. 0-0 d6 5. d4 exd4 6. Nxd4 Bd7 7. Nf5 Qf6 8. Nc3 Nge7 9. Nxe7 Qxe7 10. Nd5 Qd8 11. c3 a6 12. Ba4 0-0 13. Bf4 Ne7 14. Bxd7 Qxd7 15. b4 Ba7 16. e5 Nxd5 17. Qxd5 Qf5 18. Bg3 dxe5 19. Qxb7 Bb6 20. Qd5 Rfe8 21. Rae1 Rad8 22. Rxe5 Qxe5 23. Qxd8 Rxd8 24. Bxe5 Rd2 25. a4 a5 26. bxa5 Bxa5 27. Rb1 f6 28. Bd4 Rc2 29. Kf1 Bxc3 30. Bxc3 Rxc3 31. Ra1 Rc6 32. a5 Ra6 33. Ke2 Kf7 34. Kd3 Ke7 35. Kc4 Kd7 36. Kb5 Ra8 37. a6 Rh8 38. a7 Ra8 39. Ka6 c5 40. Kb7 1-0

[Event "Catalunya-chT"]
[Site "Spain"]
[Date "1998.??.??"]
[Round "1"]
[White "Rosich Valles, Alfredo"]
[Black "Alonso Seisdedos, Cayetano"]
[Result "1/2-1/2"]
[WhiteElo "2275"]
[BlackElo "2355"]
[PlyCount "84"]
[EventDate "1998.01.??"]
[EventType "team"]
[EventRounds "9"]
[EventCountry "ESP"]
[SourceTitle "EXT 2003"]
[Source "ChessBase"]
[SourceDate "2002.11.25"]
[SourceVersion "1"]
[SourceVersionDate "2002.11.25"]
[SourceQuality "1"]

1. d4 d5 2. Bg5 c5 3. e3 Nc6 4. c3 Qb6 5. Qd2 Bf5 6. dxc5 Qxc5 7. Na3 f6 8. Bh4 e5 9. Nf3 Qb6 10. Be2 Rd8 11. 0-0 Bxa3 12. bxa3 Nge7 13. Bg3 g5 14. Ne1 0-0 15. Nd3 Na5 16. Rfb1 Qc7 17. h4 h6 18. hxg5 hxg5 19. Rb5 Nc4 20. Qc1 a6 21. Rb3 Rc8 22. a4 Na5 23. Ra3 Nc4 24. Rb3 Na5 25. Ra3 Qd7 26. Rb1 Rc7 27. Rb4 Nec6 28. Rb1 Ne7 29. Rb4 Rfc8 30. e4 dxe4 31. Nxe5 fxe5 32. Qxg5+ Ng6 33. Bxe5 Rc6 34. g4 Kf7 35. gxf5 Nxe5 36. Bh5+ Kf8 37. f6 Nac4 38. Rab3 R8c7 39. Rxc4 Rxc4 40. Qxe5 R4c5 41. Qh2 Rg5+ 42. Kf1 Qd2 1/2-1/2

[Event "Catalunya-chT"]
[Site "Spain"]
[Date "1993.??.??"]
[Round "3"]
[White "Alonso Seisdedos, Cayetano"]
[Black "Magem Badals, Jordi"]
[Result "1/2-1/2"]
[WhiteElo "2375"]
[BlackElo "2470"]
[PlyCount "64"]
[EventDate "1993.??.??"]
[EventType "team"]
[EventRounds "9"]
[EventCountry "ESP"]
[SourceTitle "EXT 2019"]
[Source "ChessBase"]
[SourceDate "2018.10.10"]
[SourceVersion "1"]
[SourceVersionDate "2018.10.10"]
[SourceQuality "1"]

1. e4 c6 2. d4 d5 3. e5 Bf5 4. Nc3 Qb6 5. Bd3 Bxd3 6. Qxd3 e6 7. Nge2 c5 8. dxc5 Bxc5 9. 0-0 Nc6 10. Na4 Qa5 11. Nxc5 Qxc5 12. Be3 Qa5 13. Bd4 Nge7 14. c3 Nf5 15. Ng3 Nxg3 16. Qxg3 0-0 17. Rfd1 Rac8 18. Be3 Ne7 19. Bg5 Rfe8 20. Rd3 Rc4 21. Bxe7 Rxe7 22. Qg5 Qd8 23. Rg3 Qf8 24. Rd1 Rec7 25. Rd4 Rxd4 26. cxd4 Rc2 27. h4 Kh8 28. Rc3 h6 29. Qf4 Rxc3 30. bxc3 Kg8 31. Qc1 Qc8 32. Qa3 a6 1/2-1/2